000 00445ntaaa2200181 4500
003 01
005 20251027201349.0
008 0714s1973 ag 01
040 _aAR-BaBN
_bspa
_cAR-BaBN
_eaacr
_dRIC
082 _a225.0000 W64
100 _aWikenhauser, Alfred
_9471
245 _aIntroducción al Nuevo Testamento
250 _a1 ed. :
_bHerder,
_cc/960
300 _a419 p.
650 _aBiblia-Nuevo Testamento
650 _aN.T.
942 _cBK
999 _c8168
_d8168